| 000 | 00528cam a2200205ua 4500 | ||
|---|---|---|---|
| 020 | _c84.00 | ||
| 041 |
_aeng _h |
||
| 082 |
_a539 _bRIC/IN |
||
| 100 | _aRichtmyer, F K . | ||
| 245 |
_aIntroduction to modern physics / _cF K Richtmyer. _hTextual Documents |
||
| 250 |
_a6 / _b. |
||
| 260 |
_aNew Delhi : _bTata Mc-Graw Hill Publishing Company , _c1990. |
||
| 300 | _a767 ; . | ||
| 365 | _a84.00 | ||
| 504 | _a | ||
| 700 | 1 | _aCooper , John N . | |
| 700 | 1 | _aKennard, E H . | |
| 942 | _cBK | ||
| 999 |
_c7465 _d7465 |
||